[Event "39th Olympiad Women"]
[Site "Khanty-Mansiysk RUS"]
[Date "2010.09.25"]
[Round "5"]
[White "Houska,Jo"]
[Black "Ptacnikova,L"]
[Result "0-1"]
[WhiteElo "2426"]
[BlackElo "2282"]

1.d4 Nf6 2.Nf3 e6 3.c4 Bb4+ 4.Bd2 c5 5.Bxb4 cxb4 6.g3 O-O 7.Bg2 d6 8.O-O a5
9.Qd3 Qc7 10.Nbd2 Re8 11.Ne1 Na6 12.Nc2 Rb8 13.Rac1 b6 14.e4 Bb7 15.Rfe1 Nd7
16.Ne3 Qd8 17.h3 Nf8 18.Kh2 e5 19.Rcd1 Ne6 20.Nc2 Qf6 21.d5 Nec5 22.Qe3 Bc8
23.Rb1 Bd7 24.a3 b3 25.Nxb3 Nxb3 26.Qxb3 Qxf2 27.Qc3 a4 28.Re3 Qf6 29.b3 axb3
30.Qxb3 Nc5 31.Qc3 Rb7 32.Nb4 Rc8 33.Nd3 Na4 34.Qb4 h5 35.Nb2 Nc5 36.Nd3 h4
37.Nxc5 hxg3+ 38.Rxg3 Rxc5 39.Rf3 Qh4 40.Rbf1 f6 41.Rg3 b5 42.a4 f5 43.cxb5 f4
44.Rb3 g5 45.Kg1 g4 46.Qa5 f3 47.Bxf3 gxf3 48.Rbxf3 Bc8 49.Qe1 Rg7+ 50.Kh1 Qh5
51.Qe2 Bg4 52.Rf8+ Kh7 53.Qh2 Bxh3 54.R8f2 Qh4 55.b6 Rc3 56.b7 Qxe4+ 57.Rg2 Rxg2  0-1

[Event "EYCC Girls U18"]
[Site "Batumi GEO"]
[Date "2010.09.27"]
[Round "8"]
[White "Fur,K"]
[Black "Kantor,R"]
[Result "1/2-1/2"]
[WhiteElo "2019"]
[BlackElo "2003"]

1.d4 Nf6 2.Nf3 e6 3.c4 Bb4+ 4.Bd2 Qe7 5.g3 O-O 6.Bg2 a5 7.O-O Bxd2 8.Nbxd2 d6
9.e4 e5 10.d5 Nbd7 11.Ne1 Nc5 12.Qc2 Ng4 13.h3 Nh6 14.g4 g5 15.Nb3 Nxb3 16.axb3 Bd7
17.Qd2 b6 18.Nc2 f6 19.Ra3 Bc8 20.Rfa1 Qe8 21.Ne3 Nf7 22.b4 axb4 23.Qxb4 Rxa3
24.Qxa3 Nh8 25.b4  1/2-1/2

[Event "39th Olympiad Women"]
[Site "Khanty-Mansiysk RUS"]
[Date "2010.09.27"]
[Round "6"]
[White "Amura,C"]
[Black "Paridar,S"]
[Result "1/2-1/2"]
[WhiteElo "2329"]
[BlackElo "2242"]

1.d4 Nf6 2.c4 e6 3.Nf3 Bb4+ 4.Bd2 c5 5.Bxb4 cxb4 6.e3 Nc6 7.Bd3 d6 8.Nbd2 O-O
9.O-O e5 10.Ne4 Bg4 11.d5 Nb8 12.Ng3 Na6 13.Bf5 Bxf5 14.Nxf5 Qd7 15.N3h4 g6
16.f4 Rae8 17.fxe5 Rxe5 18.Nh6+ Kg7 19.Rxf6 Kxh6 20.Qf3 Nc5 21.Rf1 Kg7 22.Rf4 f5
23.Qd1 Qe7 24.a3 b3 25.Nf3 Rxe3 26.h4 Rd3 27.Qe1 Re8 28.Qg3 Qe3+ 29.Kh2 Ne4
30.Rxe4 fxe4 31.Qxd6 exf3 32.Rxf3 Qe4 33.Qf6+ Kh6 34.Qg5+ Kg7 35.Qf6+  1/2-1/2

[Event "39th Olympiad Women"]
[Site "Khanty-Mansiysk RUS"]
[Date "2010.09.27"]
[Round "6"]
[White "Liu Yang"]
[Black "Partac,E"]
[Result "1-0"]
[WhiteElo "2083"]
[BlackElo "2087"]

1.d4 Nf6 2.c4 e6 3.Nf3 Bb4+ 4.Bd2 Qe7 5.g3 Nc6 6.Nc3 O-O 7.Bg2 d6 8.Rc1 Bxc3
9.Bxc3 Ne4 10.d5 Nb8 11.O-O e5 12.Nd2 Nxc3 13.Rxc3 a5 14.c5 Na6 15.cxd6 cxd6
16.Nc4 Nc5 17.Qc2 Bd7 18.b3 Bb5 19.Nxd6 Qxd6 20.Rxc5 Bxe2 21.Re1 Bd3 22.Qc3 e4
23.Rxa5 Rac8 24.Qd4 f5 25.Bf1 Bxf1 26.Rxf1 Rc7 27.Rb5 Rfc8 28.Rb6 Qd7 29.d6 Rc6
30.Rxc6 Rxc6 31.Rd1 h6 32.b4 Rc2 33.a4 Kh7 34.b5 Ra2 35.Rc1 Re2 36.Rc7 Re1+
37.Kg2  1-0

[Event "EYCC Girls U18"]
[Site "Batumi GEO"]
[Date "2010.09.28"]
[Round "9"]
[White "Torosyan,L"]
[Black "Miladinovic,L"]
[Result "0-1"]
[WhiteElo "1945"]
[BlackElo "2064"]

1.d4 Nf6 2.Nf3 e6 3.c4 Bb4+ 4.Bd2 Qe7 5.g3 Nc6 6.Bg2 Bxd2+ 7.Qxd2 Ne4 8.Qc2 Qb4+
9.Nc3 Nxc3 10.Qxc3 Qxc3+ 11.bxc3 d6 12.e4 e5 13.d5 Na5 14.Nd2 b6 15.Ke2 Ba6
16.Kd3 c6 17.Bh3 Ke7 18.Rab1 cxd5 19.exd5 g6 20.f4 f5 21.g4 Nxc4 22.Nxc4 Rac8
23.Kd2 Rxc4 24.fxe5 dxe5 25.gxf5 gxf5 26.Rb4 Rf8 27.Rg1 Kd6 28.Rg7 Rxb4 29.cxb4 Kxd5  0-1

[Event "EYCC Girls U18"]
[Site "Batumi GEO"]
[Date "2010.09.28"]
[Round "9"]
[White "Anusca,M"]
[Black "Ugulava,L"]
[Result "1-0"]
[WhiteElo "2009"]
[BlackElo "1960"]

1.d4 Nf6 2.Nf3 e6 3.c4 Bb4+ 4.Bd2 c5 5.Bxb4 cxb4 6.Nbd2 d6 7.e4 Nc6 8.d5 Nb8
9.Qa4+ Nbd7 10.dxe6 fxe6 11.Qxb4 Qe7 12.Qc3 Nc5 13.Bd3 e5 14.Ng1 Nh5 15.g3 O-O
16.Be2 Nf6 17.Bf3 Qf7 18.Qe3 Qg6 19.h3 Bd7 20.Ne2 b5 21.b4 Ne6 22.cxb5 Bxb5
23.O-O Bd7 24.Bg2 Ng5 25.g4 Qh6 26.f4 exf4 27.Nxf4 Rae8 28.Rae1 Kh8 29.Qg3 Bc6
30.h4 Ngxe4 31.Nxe4 Nxe4 32.Bxe4 Rxe4 33.Rxe4 Bxe4 34.g5  1-0

[Event "OIS"]
[Site "Munich GER"]
[Date "2010.09.28"]
[Round "4"]
[White "Raykhman,A"]
[Black "Straub,Ju"]
[Result "1-0"]
[WhiteElo "2389"]
[BlackElo "2214"]

1.d4 Nf6 2.c4 e6 3.Nf3 Bb4+ 4.Bd2 a5 5.g3 b6 6.Bg2 Bb7 7.O-O Bxd2 8.Qxd2 O-O
9.Qf4 d6 10.Nc3 Nh5 11.Qd2 Nf6 12.Qc2 Nbd7 13.Rad1 c6 14.Rfe1 Qc7 15.e4 e5
16.Qd2 Rfe8 17.b3 Rad8 18.Nh4 Nf8 19.d5 Ng6 20.Nf5 h6 21.Rc1 c5 22.a3 Ne7
23.Ne3 Bc8 24.f4 Bd7 25.Qf2 Ng6 26.Kh1 Nh7 27.Rcd1 Ra8 28.Bf1 Qd8 29.f5 Nh8
30.Be2 Re7 31.h4 f6 32.Rg1 Be8 33.Rg2 Qc7 34.Qe1 Qb8 35.Qd2 Qd8 36.Rdg1 Rea7
37.Ng4 Nf7 38.Nh2 Nh8 39.Ng4 Nf7 40.Nf2 Nh8 41.Nh3 Qe7 42.Qe3 Kf8 43.Bd3 Rb8
44.Qe2 Rab7 45.Qe3 Nf7 46.Kh2 Ra7 47.Qd2 Nd8 48.Qc1 Qc7 49.Qe3 Qe7 50.Be2 Qc7
51.g4 Nf7 52.g5 hxg5 53.Bh5 Qd8 54.Bg6 Kg8 55.Bxh7+ Kxh7 56.hxg5 fxg5 57.Nxg5+ Nxg5
58.Rxg5 Qf6 59.R1g4 Rbb7 60.Qg3 Kg8 61.Kg1 Qh6 62.a4 Rc7 63.Nd1 Qf6 64.Qh4 Rf7
65.Ne3 Qe7 66.Kf2 Qc7 67.Ke1 b5 68.f6 Qd8 69.fxg7  1-0

[Event "39th Olympiad Women"]
[Site "Khanty-Mansiysk RUS"]
[Date "2010.09.29"]
[Round "8"]
[White "Grigoryan,Meri"]
[Black "Pereira,Am"]
[Result "1-0"]
[WhiteElo "2099"]
[BlackElo "1980"]

1.d4 Nf6 2.c4 e6 3.Nf3 Bb4+ 4.Bd2 Qe7 5.a3 Bxd2+ 6.Nbxd2 d6 7.e4 e5 8.d5 Nbd7
9.Qc2 a5 10.Qa4 O-O 11.b4 Nb6 12.Qd1 axb4 13.axb4 Rxa1 14.Qxa1 Bg4 15.Bd3 Ra8
16.Qc1 Nh5 17.g3 f5 18.O-O f4 19.Kg2 Qd7 20.Ng1 f3+ 21.Ndxf3 Nf4+ 22.gxf4 Bh3+
23.Kh1 Qg4 24.Ne1 Bxf1 25.Bxf1 Ra2 26.c5 Na4 27.cxd6 cxd6 28.Bh3 Qg6 29.Qc8+ Kf7
30.Be6+ Ke7 31.Qd7+ Kf8 32.Qxd6+ Ke8 33.Qb8+ Ke7 34.d6+ Kf6 35.Qf8+  1-0

[Event "Highlands Open"]
[Site "Zdar nad Sazavou CZE"]
[Date "2010.09.29"]
[Round "6"]
[White "Hruby,Va"]
[Black "Bradac,R"]
[Result "0-1"]
[WhiteElo "1808"]
[BlackElo "2050"]

1.d4 Nf6 2.Nf3 e6 3.c4 Bb4+ 4.Bd2 Qe7 5.Nc3 b6 6.e3 Bb7 7.Be2 O-O 8.O-O d6
9.a3 Bxc3 10.Bxc3 Ne4 11.Rc1 Nxc3 12.Rxc3 Nd7 13.Ne1 Nf6 14.f3 e5 15.e4 Rad8
16.Nc2 Nh5 17.g3 Qg5 18.Qc1 Qg6 19.Rf2 Nf4 20.Bf1 f5 21.exf5 Rxf5 22.d5 Rh5
23.Ne3 Bc8 24.Rd2 Rf8 25.Qe1 Nh3+ 26.Bxh3 Bxh3 27.Ng2 Qh6 28.Rf2 Bd7 29.Ne3 Rh3
30.Nf1 Qg6 31.Qe4 Bf5 32.Qe3 Rh4 33.Kh1 Rh6 34.g4 Bd7 35.Ng3 Qf7 36.Ne4 Qe7
37.Qg5 Qxg5 38.Nxg5 Bxg4 39.Ne4 Bf5 40.Ng3 Bh3 41.b4 Rh4 42.Rcc2 Rd4  0-1

[Event "21st Open"]
[Site "Goch GER"]
[Date "2010.10.02"]
[Round "5.21"]
[White "Krebel,C"]
[Black "Esser,N"]
[Result "1/2-1/2"]
[WhiteElo "2083"]
[BlackElo "2199"]

1.d4 Nf6 2.c4 e6 3.Nf3 Bb4+ 4.Bd2 Qe7 5.Nc3 b6 6.g3 Bb7 7.Bg2 O-O 8.O-O d6
9.Qc2 Nbd7 10.Rad1 Bxc3 11.Bxc3 Rfd8 12.b3 Rab8 13.Nh4 Bxg2 14.Nxg2 d5 15.Ne3 c6
16.Bb2  1/2-1/2

[Event "21st Open"]
[Site "Goch GER"]
[Date "2010.10.03"]
[Round "7.1"]
[White "Siebrecht,S"]
[Black "Schebler,G"]
[Result "1/2-1/2"]
[WhiteElo "2421"]
[BlackElo "2474"]

1.d4 Nf6 2.c4 e6 3.Nf3 Bb4+ 4.Bd2 Bxd2+ 5.Qxd2 O-O 6.Nc3 d5 7.e3 Nbd7 8.Rc1 dxc4
9.Bxc4 c5 10.O-O cxd4 11.exd4 Nb6 12.Bb3 Bd7 13.Ne5 Bc6 14.Nxc6 bxc6 15.Rfd1 Qd6
16.Na4 Nxa4 17.Bxa4 Rfc8 18.Qe2 Rc7 19.Rc4 Nd5 20.Rdc1 Rac8 21.Qe5 Qxe5 22.dxe5 c5
23.a3 Nb6 24.Re4 Nxa4 25.Rxa4 c4 26.f4 h5 27.Rc2 Kh7 28.Kf2 Kg6 29.Kf3 Kf5
30.g3 Rb8 31.Rb4 Rxb4 32.axb4 Rd7 33.Rxc4 Rd3+ 34.Kg2 Rd2+ 35.Kh3 Rxb2 36.Rc7 Kg6
37.Rxa7  1/2-1/2

[Event "39th Olympiad Women"]
[Site "Khanty-Mansiysk RUS"]
[Date "2010.10.03"]
[Round "11"]
[White "Cua,Sherc"]
[Black "Pereira,Am"]
[Result "1-0"]
[WhiteElo "2099"]
[BlackElo "1980"]

1.d4 Nf6 2.c4 e6 3.Nf3 Bb4+ 4.Bd2 Qe7 5.g3 Nc6 6.a3 Bxd2+ 7.Qxd2 d6 8.Nc3 O-O
9.Bg2 a5 10.b3 e5 11.d5 Nb8 12.e4 Na6 13.O-O Nc5 14.Qc2 a4 15.b4 Nb3 16.Rae1 Bd7
17.Qd3 Ne8 18.Nd2 Nd4 19.f4 g6 20.Ne2 Nxe2+ 21.Rxe2 Ng7 22.fxe5 dxe5 23.Qc3 Rae8
24.Rfe1 h5 25.h3 Qg5 26.Qe3 Qxe3+ 27.Rxe3 Rd8 28.Nb1 Ne8 29.c5 c6 30.Nc3 Nc7
31.d6 Nb5 32.Nxa4 Nd4 33.Rc1 b5 34.cxb6 Be6 35.Nc5 Rxd6 36.a4 Rb8 37.b7 Rdd8
38.Bf1 f5 39.exf5 Bxf5 40.a5 Nc2 41.Rxc2 Bxc2 42.a6 Kf7 43.a7 Rxb7 44.Nxb7 Ra8
45.Ra3 Ke7 46.Nc5 Kd6 47.Bg2  1-0

[Event "39th Olympiad Women"]
[Site "Khanty-Mansiysk RUS"]
[Date "2010.10.03"]
[Round "11"]
[White "Golubenko,Valen"]
[Black "Ordaz Valdes,L"]
[Result "1/2-1/2"]
[WhiteElo "2278"]
[BlackElo "2359"]

1.d4 Nf6 2.Nf3 e6 3.c4 Bb4+ 4.Bd2 c5 5.e3 O-O 6.Bd3 d6 7.O-O Nc6 8.Nc3 e5
9.d5 Ne7 10.Qc2 Bg4 11.Nh4 b5 12.cxb5 Bxc3 13.bxc3 c4 14.Bxc4 Rc8 15.Bd3 Nexd5
16.Bf5 Bxf5 17.Nxf5 Nxc3 18.Bxc3 Nd5 19.Rfd1 Rxc3 20.Qb2 Rc5 21.Qb3 Nc3 22.Rxd6 Qg5
23.Ng3 Nxb5 24.Rd7 Qg6 25.Rad1 Nc3 26.R1d3 Ne4 27.Nxe4 Qxe4 28.Rd1 Qc4 29.Qb8 Rcc8
30.Qxa7 h6 31.Qa5 Ra8 32.Qxe5 Qxa2 33.h3 Ra5 34.Qe7 Raa8 35.Qe4 Rab8 36.Qf5 Qb3
37.e4 Rb5 38.Qf4 Rbb8 39.e5 Rbe8 40.Qf5 Qe6 41.Qxe6 Rxe6 42.f4 g5 43.g3 gxf4
44.gxf4 f6 45.R7d6 Re7 46.e6 f5 47.Kf2 Kg7 48.Re1 Kf6 49.Kg3 Ra8 50.Re5 Ra3+
51.Kg2 Ra4 52.Kf3 Ra3+ 53.Kg2 Ra4 54.Kf3 Ra3+ 55.Kg2  1/2-1/2

[Event "Tatry Open"]
[Site "Tatranske Zruby CZE"]
[Date "2010.10.06"]
[Round "6"]
[White "Taborska,V"]
[Black "Motuz,K"]
[Result "0-1"]
[WhiteElo "2027"]
[BlackElo "2244"]

1.d4 Nf6 2.c4 e6 3.Nf3 Bb4+ 4.Bd2 Qe7 5.a3 Bxd2+ 6.Nbxd2 d6 7.e4 e5 8.d5 O-O
9.Bd3 Nh5 10.Qc2 a5 11.b3 Na6 12.O-O Nf4 13.Rfe1 f5 14.exf5 Nxd3 15.Qxd3 Nc5
16.Qc3 Bxf5 17.Re3 Qf7 18.Rf1 b5 19.cxb5 Qxd5 20.Nxe5 Ne6 21.Nc6 Qxb5 22.Ne7+ Kh8
23.Nxf5 Qxf5 24.Nf3 Nf4 25.Qc6 h6 26.Nd4 Qd5 27.Qxd5 Nxd5 28.Rd3 Nf4 29.Rc3 c5
30.Nb5 Rab8  0-1

[Event "Tatry Open"]
[Site "Tatranske Zruby CZE"]
[Date "2010.10.08"]
[Round "8"]
[White "Capak,S"]
[Black "Bombek,P"]
[Result "1/2-1/2"]
[WhiteElo "2016"]
[BlackElo "2194"]

1.d4 Nf6 2.Nf3 e6 3.c4 Bb4+ 4.Bd2 Qe7 5.Qc2 O-O 6.e3 b6 7.Be2 Bb7 8.O-O h6
9.a3 Bxd2 10.Nbxd2 d6 11.e4 e5 12.d5 a5 13.b4  1/2-1/2

[Event "4NCL Team Rapid"]
[Site "Newport Pagnell ENG"]
[Date "2010.10.09"]
[Round "9"]
[White "Slavin,A"]
[Black "Piper,M"]
[Result "0-1"]
[WhiteElo "2426"]
[BlackElo "2343"]

1.d4 Nf6 2.Nf3 e6 3.c4 Bb4+ 4.Bd2 Qe7 5.g3 Nc6 6.Nc3 Bxc3 7.Bxc3 Ne4 8.Rc1 d6
9.Bg2 Nxc3 10.Rxc3 e5 11.d5 Nb8 12.c5 O-O 13.cxd6 cxd6 14.O-O Bg4 15.Qa4 Bxf3
16.exf3 Na6 17.b4 Rfc8 18.Rfc1 Rxc3 19.Rxc3 Qd8 20.Bf1 Nc7 21.Qb3 g6 22.Qc4 Ne8
23.f4 exf4 24.Qxf4 Rc8 25.Rf3 Rc7 26.Bb5 Ng7 27.g4 a6 28.Bd3 Re7 29.Qd4 Re5
30.Kg2 Qe7 31.a4 Ne8 32.h3 Nf6 33.Bc4 h5 34.a5 hxg4 35.hxg4 Nxg4 36.Rg3 Nf6
37.Bb3 Re4 38.Qc3 Nh5 39.Re3 Nf4+ 40.Kf1 Rxe3 41.fxe3 Nh5 42.Ke2 Qe4 43.Qc8+ Kg7
44.Qxb7 Nf4+ 45.Kd1 Qd3+ 46.Kc1 Qc3+ 47.Bc2 Nd3+  0-1

[Event "Continental Class Ch"]
[Site "Arlington USA"]
[Date "2010.10.10"]
[Round "6"]
[White "Clancy,D"]
[Black "Bodek,Michael H"]
[Result "1/2-1/2"]
[WhiteElo "2133"]
[BlackElo "2207"]

1.d4 Nf6 2.c4 e6 3.Nf3 Bb4+ 4.Bd2 Bxd2+ 5.Qxd2 O-O 6.Nc3 d6 7.g3 Nc6 8.Bg2 e5
9.O-O Bg4 10.d5 Ne7 11.e4 Bxf3 12.Bxf3 c6 13.Kg2 Rc8 14.Rab1 b5 15.b3 bxc4
16.bxc4 cxd5 17.cxd5 Qa5 18.Rfc1 Rc5 19.Qb2 Rfc8 20.Ne2 g5 21.Rxc5 Rxc5 22.Qb8+ Nc8
23.g4 h5 24.Ng3 hxg4 25.Be2 Qd2 26.Ba6 Qc2 27.Rb2 Qd1 28.Bxc8 Qf3+ 29.Kg1 Rc1+
30.Nf1 Rxf1+  1/2-1/2

[Event "4NCL Individual Rapid"]
[Site "Newport Pagnell ENG"]
[Date "2010.10.10"]
[Round "8"]
[White "Arkell,K"]
[Black "Pritchett,C"]
[Result "1-0"]
[WhiteElo "2439"]
[BlackElo "2314"]

1.d4 Nf6 2.Nf3 e6 3.c4 Bb4+ 4.Bd2 a5 5.Nc3 b6 6.g3 Ba6 7.b3 O-O 8.Bg2 Bb7
9.a3 Be7 10.O-O Ne4 11.Nxe4 Bxe4 12.Nh4 Bxg2 13.Nxg2 Bf6 14.Bc3 c5 15.Rc1 d6
16.Ne3 Nd7 17.Qd2 Qe7 18.Rfd1 Rfd8 19.Ng4 Bxd4 20.Bxd4 cxd4 21.Qxd4 Nc5 22.Rb1 d5
23.Ne5 Rac8 24.b4 f6 25.bxc5 bxc5 26.Qf4 fxe5 27.Qxe5 dxc4 28.Rxd8+ Rxd8
29.Rb6 Qd7 30.Rxe6 Qd1+ 31.Kg2 Qd5+ 32.e4 Qxe5 33.Rxe5 Rd4 34.Kf3 Rd3+ 35.Kf4 Rxa3
36.Rxc5 c3 37.h4 a4 38.Ke3 Rb3 39.Kd3 a3 40.Ra5 Rb2 41.Kxc3 Rxf2 42.Rxa3 Kf7
43.Kd4 h5 44.Ke5 g6 45.Ra7+ Kg8 46.Ra3 Kf7 47.Rd3 Rg2 48.Kf4 Rf2+ 49.Rf3 Rg2
50.Kg5+ Kg7 51.Ra3 Rg1 52.e5 Kf7 53.Kf4 Rf1+ 54.Rf3 Re1 55.Re3 Rf1+ 56.Ke4 Rg1
57.Rf3+ Kg7 58.e6 Re1+ 59.Kd5 Rd1+ 60.Ke5 Re1+ 61.Kd6 Rd1+ 62.Ke7 Kh6 63.Kf7 g5
64.e7 g4 65.e8=Q  1-0

[Event "4NCL Individual Rapid"]
[Site "Newport Pagnell ENG"]
[Date "2010.10.10"]
[Round "9"]
[White "Slavin,A"]
[Black "Arkell,K"]
[Result "1/2-1/2"]
[WhiteElo "2426"]
[BlackElo "2439"]

1.d4 e6 2.Nf3 Nf6 3.c4 Bb4+ 4.Bd2 Bxd2+ 5.Qxd2 d5 6.g3 Nbd7 7.Bg2 O-O 8.O-O c6
9.Rc1 Qe7 10.Na3 Ne4 11.Qf4 Qf6 12.Qe3 Re8 13.Nc2 Nd6 14.Ne5 Nf5 15.Nxd7 Bxd7
16.Qd3 Rad8 17.f4 Bc8 18.c5 Qg6 19.Ne1 f6 20.Nf3 Ne7 21.Qd2 Qf7 22.b4 Ng6
23.a4 e5 24.e3 Bg4 25.h3 Bxf3 26.Bxf3 exd4 27.exd4 Re7 28.Re1 Rde8 29.Kf2 Nf8
30.Bg4 f5 31.Bf3 Nd7 32.Rxe7 Rxe7 33.Re1 Nf6 34.Re5 Ne4+ 35.Bxe4 fxe4 36.g4 h5
37.Kg3 hxg4 38.hxg4 Qf6 39.Qh2 Rf7 40.Kg2 Rf8 41.f5 Qg5 42.Qg3 Qd2+ 43.Kh3 Qh6+
44.Kg2 Qd2+ 45.Kh3 Qh6+ 46.Kg2 Qd2+ 47.Kh3 Qxd4  1/2-1/2

[Event "I Memorial Oliver Gonzalez"]
[Site "Madrid ESP"]
[Date "2010.10.17"]
[Round "9"]
[White "Almeida Quintana,O"]
[Black "Fedorchuk,S"]
[Result "1/2-1/2"]
[WhiteElo "2559"]
[BlackElo "2671"]

1.d4 Nf6 2.Nf3 e6 3.c4 Bb4+ 4.Bd2 Bxd2+ 5.Qxd2 d5 6.Nc3 O-O 7.e3 Qe7 8.Bd3 dxc4
9.Bxc4 c5 10.O-O Nc6 11.Rad1 Rd8 12.Qe2 Bd7 13.a3 Be8 14.h3 Rac8 15.Ba2 h6  1/2-1/2

[Event "32nd Open"]
[Site "Arco ITA"]
[Date "2010.10.19"]
[Round "4"]
[White "Eperjesi,L"]
[Black "Szabo,Ben"]
[Result "1/2-1/2"]
[WhiteElo "2194"]
[BlackElo "2375"]

1.d4 Nf6 2.c4 e6 3.Nf3 Bb4+ 4.Bd2 Qe7 5.g3 Nc6 6.Bg2 Bxd2+ 7.Nbxd2 d6 8.O-O a5
9.e4 e5 10.d5 Nb8 11.Ne1 h5 12.h3 h4 13.g4 Nbd7 14.Nd3 Nf8 15.f4 exf4 16.e5 dxe5
17.Nxe5 N8h7 18.Qa4+ c6 19.Rae1 O-O 20.dxc6 bxc6 21.Nxc6 Qc5+ 22.Kh1 Bd7
23.Nb3 Qb6 24.c5 Qa6  1/2-1/2

[Event "32nd Open"]
[Site "Arco ITA"]
[Date "2010.10.19"]
[Round "4"]
[White "Vezzosi,P"]
[Black "Fodor,T jr"]
[Result "1-0"]
[WhiteElo "2347"]
[BlackElo "2451"]

1.Nf3 Nf6 2.d4 e6 3.c4 Bb4+ 4.Bd2 Qe7 5.g3 Nc6 6.Nc3 Bxc3 7.Bxc3 Ne4 8.Qc2 Nxc3
9.Qxc3 O-O 10.Bg2 d6 11.O-O e5 12.dxe5 dxe5 13.Rad1 e4 14.Nd4 Bd7 15.Rd2 f5
16.Nxc6 Bxc6 17.Qe3 Rae8 18.Rfd1 a5 19.Rd4 Qf6 20.Qf4 Rf7 21.Qd2 Rff8 22.Qxa5 f4
23.Qxc7 fxg3 24.Qxg3 h6 25.b4 Ba4 26.R1d2 Re5 27.h4 e3 28.fxe3 Qe7 29.R2d3 Bc6
30.Bxc6 bxc6 31.Rf4 Rxf4 32.Qxf4 Re4 33.Rd8+ Qxd8 34.Qxe4 Qd6 35.Kg2 Qxb4
36.Qxc6 Qb2 37.Kf3 Qxa2 38.Qe8+ Kh7 39.Qe4+ Kh8 40.Qe8+ Kh7 41.c5 Qa1 42.Qe4+ Kh8
43.Kf2 Qf6+ 44.Qf4 Qe6 45.e4 Qc6 46.Qf8+ Kh7 47.Qf5+ Kh8 48.h5 Qc7 49.Kg2  1-0

[Event "15th European Club Cup Women"]
[Site "Plovdiv BUL"]
[Date "2010.10.22"]
[Round "6"]
[White "Danielian,E"]
[Black "Koneru,H"]
[Result "0-1"]
[WhiteElo "2466"]
[BlackElo "2593"]

1.d4 Nf6 2.Nf3 e6 3.c4 Bb4+ 4.Bd2 c5 5.Bxb4 cxb4 6.g3 b6 7.Bg2 Bb7 8.O-O O-O
9.Qb3 a5 10.a3 Na6 11.axb4 Nxb4 12.Nc3 Rc8 13.Rfc1 d6 14.Na2 Nxa2 15.Qxa2 Qc7
16.Qa3 Nd7 17.h4 h6 18.Qe3 Rfe8 19.Nd2 Bxg2 20.Kxg2 e5 21.d5 f5 22.Ra3 Nc5
23.Rb1 Na6 24.Rc3 Qb7 25.Qf3 Rf8 26.Nf1 Qe7 27.Nd2 Rf7 28.Qe3 Qb7 29.h5 Rcf8
30.Qf3 Qe7 31.Rh1 Nc5 32.Ra3 f4 33.Qg4 e4 34.Nb3 f3+ 35.Kh3 fxe2 36.Nxc5 bxc5
37.Re3 Rxf2 38.Rxe4 Qf7 39.Rxe2 Rxe2 40.Qxe2 Re8 41.Qg4 Re5 42.Kg2 Qb7 43.Rf1 Qxb2+
44.Rf2 Qb1 45.Qd7 Qe4+ 46.Kg1 Kh7 47.Qf7 Rg5 48.Rf3 Qxc4 49.Qe8 Qd4+ 50.Kf1 Qxd5
51.Rf8 Qh1+ 52.Kf2 Qh2+ 53.Kf1 Qh3+  0-1

[Event "WY Boys-U14"]
[Site "Porto Carras GRE"]
[Date "2010.10.22"]
[Round "3.2"]
[White "Girish,A"]
[Black "Palchun,G"]
[Result "0-1"]
[WhiteElo "2342"]
[BlackElo "2181"]

1.d4 Nf6 2.Nf3 e6 3.c4 Bb4+ 4.Bd2 Qe7 5.g3 Nc6 6.Nc3 Bxc3 7.Bxc3 Ne4 8.Rc1 Nxc3
9.Rxc3 O-O 10.Bg2 d6 11.d5 Nb8 12.dxe6 fxe6 13.Nd4 e5 14.Nc2 c6 15.O-O Be6
16.Ne3 Na6 17.Qd2 Rad8 18.Rd3 Rf6 19.b4 Nc7 20.a4 a6 21.Qb2 Rdf8 22.b5 axb5
23.axb5 Qf7 24.bxc6 bxc6 25.Rxd6 Rxf2 26.Qc1 Rxf1+ 27.Qxf1 Qe7 28.Qd1 Bd5
29.c5 Bxg2 30.Kxg2 Nb5 31.Rxc6 Nd4 32.Rd6 Qf7 33.Qe1 Qb7+ 34.Nd5 Nf5 35.e4 Nxd6
36.cxd6 Rd8 37.Qc3 Rxd6 38.Qxe5 Rd8 39.Ne7+ Kh8 40.Nf5 Qf7 41.h4 Re8 42.Qd4 h5
43.Nd6 Qa2+ 44.Kh3 Qe6+ 45.Kh2 Rf8 46.Nf5 Qg6 47.Qd1 Re8 48.Qf3 Kh7 49.Qf4 Re6
50.Kh3 Qf6 51.Kg2 Qb2+ 52.Kh3 Qe2 53.Ne3 Rf6 54.Nf5 Qd1 55.Kh2 Rf7 56.g4 Qe2+
57.Kg3 Rd7 58.Ne3 Rd3 59.Qf5+ Kg8 60.Qe6+ Kf8 61.Qc8+ Ke7 62.Qc5+ Ke6  0-1

[Event "32nd Open"]
[Site "Arco ITA"]
[Date "2010.10.23"]
[Round "8"]
[White "De Andres Gonalons,F"]
[Black "Nicolodi,R"]
[Result "1-0"]
[WhiteElo "2041"]
[BlackElo "1939"]

1.d4 e6 2.c4 Nf6 3.Nf3 Bb4+ 4.Bd2 Qe7 5.g3 Nc6 6.Nc3 Bxc3 7.Bxc3 Ne4 8.Rc1 O-O
9.Bg2 d6 10.O-O Nxc3 11.Rxc3 e5 12.d5 Nb8 13.e4 f5 14.exf5 Bxf5 15.Nh4 Bd7
16.Qc2 Na6 17.a3 c6 18.dxc6 Bxc6 19.b4 Nc7 20.Be4 g6 21.Qd3 Ne6 22.Bd5 Bxd5
23.Qxd5 Kg7 24.c5 Nd4 25.Re3 dxc5 26.Rxe5 Qf7 27.Qxc5 Nf3+ 28.Nxf3 Qxf3 29.Re7+ Rf7
30.Rfe1 b6 31.Qd4+ Qf6 32.Rxf7+ Kxf7 33.Qd5+  1-0

[Event "11th Liberec Open"]
[Site "Liberec CZE"]
[Date "2010.10.24"]
[Round "2"]
[White "Silauskas,Kestutis"]
[Black "Nielsen,Pet"]
[Result "1/2-1/2"]
[WhiteElo "1604"]
[BlackElo "1837"]

1.d4 Nf6 2.c4 e6 3.Nf3 Bb4+ 4.Bd2 Qe7 5.e3 O-O 6.Nc3 Bxc3 7.Bxc3 b6 8.Bd3 Bb7
9.O-O d6 10.Re1 Nbd7 11.e4 c5 12.Re2 cxd4 13.Nxd4 Nc5 14.f3  1/2-1/2

[Event "CONPET Cup 2010"]
[Site "Ploiesti ROU"]
[Date "2010.10.24"]
[Round "4.1"]
[White "Miroiu,G"]
[Black "Mosnegutu,K"]
[Result "0-1"]
[WhiteElo "2219"]
[BlackElo "2267"]

1.d4 Nf6 2.c4 e6 3.Nf3 Bb4+ 4.Bd2 Qe7 5.g3 b6 6.Bg2 Bb7 7.O-O Bxd2 8.Qxd2 d6
9.Nc3 Nbd7 10.d5 e5 11.e4 O-O 12.Ne1 Nh5 13.f4 exf4 14.gxf4 Qh4 15.Nd3 f5
16.Nb5 fxe4 17.Bxe4 Ndf6 18.Bg2 Rf7 19.Nd4 Re8 20.Rae1 g6 21.Rxe8+ Nxe8 22.Ne6 Bc8
23.Rf3 Qf6 24.Bh3 Re7 25.Nf2 Bxe6 26.Bxe6+ Kh8 27.f5 Qg7 28.Kh1 Nef6 29.Qg5 gxf5
30.Qxf5 Qg6 31.Qxg6 hxg6 32.Kg2 Kg7 33.h4 c6 34.Nd3 cxd5 35.cxd5 Rc7 36.Kh3 Rc4
37.a3 Rd4 38.Nf2 Nf4+ 39.Kg3 N4xd5 40.Ng4 Ne4+ 41.Kh3 Ndf6 42.Nxf6 Nxf6 43.Rc3 Nh5
44.Rc7+ Kf6 45.Bg8 Rd3+ 46.Kg2 Kf5 47.Rxa7 Nf4+ 48.Kf2 Rd2+ 49.Kf3 Rd3+ 50.Kf2 Kg4
51.Bc4 Rd2+ 52.Ke3 Rxb2 53.Rd7 d5 54.Bf1 Rb3+ 55.Kd4 Rxa3 56.Rb7 Rb3 57.Rf7 Rb4+
58.Ke3 Re4+ 59.Kf2 Re6 60.Rf8 d4 61.Rd8 Kxh4 62.Rxd4 Kg4 63.Rb4 g5 64.Ba6 Rc6
65.Be2+  0-1

[Event "Spartak GM"]
[Site "Subotica SRB"]
[Date "2010.10.25"]
[Round "3"]
[White "Sertic,Ru"]
[Black "Kosic,D"]
[Result "1/2-1/2"]
[WhiteElo "2422"]
[BlackElo "2481"]

1.d4 Nf6 2.c4 e6 3.Nf3 Bb4+ 4.Bd2 Qe7 5.a3 Bxd2+ 6.Qxd2 O-O 7.Nc3 d5 8.e3 Rd8
9.cxd5 exd5 10.Bd3 Nc6 11.Bb5  1/2-1/2

[Event "Trophee CCAS GpB"]
[Site "Cap d'Agde FRA"]
[Date "2010.10.26"]
[Round "6"]
[White "Pelletier,Y"]
[Black "Gharamian,T"]
[Result "1-0"]
[WhiteElo "2592"]
[BlackElo "2658"]

1.d4 Nf6 2.c4 e6 3.Nf3 Bb4+ 4.Bd2 c5 5.g3 Qb6 6.Bg2 Nc6 7.Nc3 Nxd4 8.Nxd4 cxd4
9.Nb5 Bc5 10.b4 Be7 11.a4 d5 12.c5 Qd8 13.Bf4 O-O 14.Qxd4 Ne8 15.e4 a5 16.exd5 exd5
17.O-O Be6 18.bxa5 Rc8 19.Rac1 Qxa5 20.Rfd1 Bf6 21.Be5 Bxe5 22.Qxe5 Qxa4
23.Nc3 Qa7 24.Nxd5 Bxd5 25.Qxd5 Rc7 26.Qe5 Qb8 27.Rd7 Qc8 28.Rxc7 Nxc7 29.Qe4 Ne6
30.Qxb7 Rd8 31.c6 Qc7 32.Bh3 Rb8 33.Qxc7 Nxc7 34.Rd1 Kf8 35.Rd7 Ne8 36.Rb7  1-0

[Event "CONPET Cup 2010"]
[Site "Ploiesti ROU"]
[Date "2010.10.30"]
[Round "7.1"]
[White "Turlea,C"]
[Black "Mosnegutu,K"]
[Result "0-1"]
[WhiteElo "1989"]
[BlackElo "2267"]

1.d4 Nf6 2.c4 e6 3.Nf3 Bb4+ 4.Bd2 Qe7 5.a3 Bxd2+ 6.Nbxd2 d6 7.e4 e5 8.Bd3 Bg4
9.Qb3 b6 10.O-O O-O 11.Rfe1 Bxf3 12.Nxf3 Nbd7 13.Qc3 c5 14.d5 Nh5 15.g3 g6
16.Qd2 f6 17.Bf1 f5 18.Qg5 Qg7 19.Bh3 h6 20.Qe3 fxe4 21.Nd2 Ndf6 22.Re2 g5
23.Bg2 Nf4 24.gxf4 exf4 25.Qc3 f3 26.Nxf3 exf3 27.Bxf3 Nd7 28.Qxg7+ Kxg7
29.Re7+ Rf7 30.Rxf7+ Kxf7 31.Re1 Ne5 32.Bh5+ Kf6 33.Re4 Rg8 34.Be2 Kf5 35.Re3 Rf8
36.b3 Kg6 37.Kg2 Rf4 38.h3 Rd4 39.Bf3 Kf6 40.Be2 a6 41.a4 a5 42.Kg3 Kf5 43.Bf3 Kf6
44.Be2 Kg6 45.Bf3 h5 46.Be4+ Kf6 47.Kg2 h4 48.Re2 Rd1 49.Re3 Rd2 50.Kg1 g4
51.hxg4 Nxg4  0-1

[Event "14th OIBM"]
[Site "Bad Wiessee GER"]
[Date "2010.10.31"]
[Round "2.33"]
[White "Heuer,T"]
[Black "Fradkin,B"]
[Result "0-1"]
[WhiteElo "2122"]
[BlackElo "2454"]

1.d4 Nf6 2.Nf3 e6 3.c4 Bb4+ 4.Bd2 a5 5.Nc3 b6 6.e3 O-O 7.Bd3 Bb7 8.O-O d6
9.Qe2 Bxc3 10.Bxc3 Ne4 11.Rac1 Nxc3 12.Rxc3 Nd7 13.Rfc1 Qe7 14.Nd2 e5 15.Be4 Bxe4
16.Nxe4 Rae8 17.dxe5 Qxe5 18.Nd2 Nc5 19.b3 f5 20.g3 Ne4 21.Nxe4 fxe4 22.R3c2 Rf3
23.Rd2 Ref8 24.Rf1 Qh5 25.Kg2 R8f6 26.Qd1 Rh6 27.h4 Qg4 28.Rh1 Rg6 29.Rd5 Rxg3+  0-1

[Event "14th OIBM"]
[Site "Bad Wiessee GER"]
[Date "2010.11.01"]
[Round "4.35"]
[White "Solomon,K"]
[Black "Burchert,W"]
[Result "1-0"]
[WhiteElo "2394"]
[BlackElo "2147"]

1.Nf3 Nf6 2.d4 e6 3.c4 Bb4+ 4.Bd2 Qe7 5.g3 Nc6 6.Nc3 Bxc3 7.Bxc3 Ne4 8.Rc1 d6
9.d5 Nxc3 10.Rxc3 Nb8 11.dxe6 fxe6 12.Bg2 O-O 13.O-O Nd7 14.Nd4 Nf6 15.e4 e5
16.Nc2 Be6 17.Ne3 c6 18.Rd3 Rad8 19.b3 Rd7 20.Qd2 Rfd8 21.Rd1 Kh8 22.Qa5 a6
23.Qd2 Kg8 24.h3 g6 25.Kh2 Kh8 26.Qb4 Qf8 27.Qc3 Kg8 28.Kg1 Nh5 29.c5 dxc5
30.Rxd7 Rxd7 31.Rxd7 Bxd7 32.Qxe5 Ng7 33.f4 Ne6 34.Ng4 Bc8 35.f5 gxf5 36.exf5 Nd4
37.Nf6+ Kf7 38.Nxh7 Qe7 39.Qxe7+ Kxe7 40.g4 Ne2+ 41.Kf2 Nc1 42.Be4 Nxa2 43.f6+ Kf7
44.g5 Be6 45.g6+ Kg8 46.Ng5  1-0